| 000 | 01241nam0a2200373 4500 | ||
|---|---|---|---|
| 001 | RU\NLR\bibl\587118 | ||
| 005 | 20250610140733.0 | ||
| 010 |
_a5-17-023436-8 _bАСТ |
||
| 010 |
_a5-271-08758-1 _bАстрель _910000 |
||
| 021 |
_aRU _b2004-34110 _91712 |
||
| 035 | _aRSL-KNO-002442053 | ||
| 035 | _a(NLR Aleph) 000579100 | ||
| 090 |
_a1641137 _c1641137 |
||
| 100 | _a20040611d2004 |||y0rusy50 ca | ||
| 101 | 0 | _arus | |
| 102 | _aRU | ||
| 105 | _ay ||||||||| | ||
| 106 | _ar | ||
| 200 | 1 |
_aНе изменяй, любя! _fДиля Еникеева |
|
| 210 |
_aМ. _cАСТ _cАстрель _d2004 |
||
| 215 |
_a351 с. _d16 |
||
| 225 | 1 | _aОн + она | |
| 320 | _aБиблиогр.: с. 347-349 | ||
| 606 | 0 |
_aСупружеские измены _92168515 _3RU\NLR\auth\661304594 |
|
| 610 | 0 | _aПсихология --- Общая психология -- Психология личности -- Психология пола | |
| 686 |
_aЮ937.3,0 _2rubbk |
||
| 686 | _aС550.53 | ||
| 700 | 1 |
_aЕникеева _bД. Д. _gДиля Дэрдовна _4070 |
|
| 801 | 0 |
_aRU _bRuMoRKP _c20040611 _grcr |
|
| 801 | 1 |
_aRU _bRuMoRGB _c20040611 |
|
| 801 | 2 |
_aRU _bNLR _c20041221 _gPSBO |
|
| 942 | _cBOOK | ||
| 980 | _aNB | ||